000 00542nam a2200217Ia 4500
003 OSt
005 20221007082933.0
006 a|||||r|||| 00| 0
007 ta
008 221006b |||||||| |||| 00| 0 eng d
024 _a41,538
037 _cDissertations
040 _aFLL
_cFLL
_beng
041 _2eng
_aeng
100 _aJain Ashish
245 0 _aHonour killings
_b killings in the name of disguised honour
260 _c2014
300 _ad.p.
_ccm.
942 _cDIS
_2CC
999 _c1168235
_d1168235